[Event "POL-ch disabled"]
[Site "Rowy"]
[Date "2009.09.06"]
[Round "8.19"]
[White "Czech, Jan"]
[Black "Prokopczuk, Antoni"]
[Result "1-0"]
[WhiteElo "1931"]
[BlackElo "1827"]
[PlyCount "99"]
[EventDate "2009.09.01"]
[EventType "swiss"]
[EventRounds "9"]
[EventCountry "POL"]
[SourceTitle "EXT 2023"]
[Source "ChessBase"]
[SourceDate "2022.10.05"]
[SourceVersion "1"]
[SourceVersionDate "2022.10.05"]
[SourceQuality "1"]

1. e4 c5 2. Nf3 d6 3. d4 cxd4 4. Nxd4 Nf6 5. Nc3 a6 6. Be2 e5 7. Nb3 Be7 8. 0-0 0-0 9. Bg5 Nbd7 10. Qd3 h6 11. Be3 Nc5 12. Nxc5 dxc5 13. Nd5 Nxd5 14. exd5 Bd6 15. c4 f5 16. f3 f4 17. Bf2 Qg5 18. Kh1 Bf5 19. Qd1 Rf6 20. Rg1 Rg6 21. Bd3 Re8 22. Be4 Rf8 23. Qe2 Qf6 24. g4 fxg3 25. Rxg3 Rxg3 26. Bxg3 Bxe4 27. fxe4 Qf3+ 28. Qxf3 Rxf3 29. Kg2 Rd3 30. b3 Re3 31. Re1 Rxe1 32. Bxe1 Kf7 33. Kf3 Kg6 34. a3 Kg5 35. Kg3 Kh5 36. b4 b6 37. Bd2 g5 38. h3 Kg6 39. h4 Kh5 40. hxg5 hxg5 41. Be3 a5 42. bxa5 bxa5 43. a4 g4 44. Bd2 Bc7 45. Bc3 Kg5 46. d6 Bxd6 47. Bxa5 Kh5 48. Bb6 Be7 49. a5 Bh4+ 50. Kg2 1-0

[Event "POL-ch disabled"]
[Site "Rowy"]
[Date "2009.09.04"]
[Round "5.13"]
[White "Sidlo, Andrzej"]
[Black "Czech, Jan"]
[Result "1-0"]
[WhiteElo "1969"]
[BlackElo "1931"]
[PlyCount "72"]
[EventDate "2009.09.01"]
[EventType "swiss"]
[EventRounds "9"]
[EventCountry "POL"]
[SourceTitle "EXT 2023"]
[Source "ChessBase"]
[SourceDate "2022.10.05"]
[SourceVersion "1"]
[SourceVersionDate "2022.10.05"]
[SourceQuality "1"]

1. e4 c5 2. Nf3 Nc6 3. Nc3 d6 4. h3 a6 5. a3 b5 6. Nd5 Bb7 7. b3 e6 8. Nc3 Nge7 9. Be2 d5 10. exd5 Nxd5 11. Nxd5 Qxd5 12. Bb2 Rd8 13. 0-0 Nd4 14. Bxd4 cxd4 15. Ne1 e5 16. d3 Bc5 17. Bf3 Qd7 18. Bxb7 Qxb7 19. Nf3 f6 20. Re1 0-0 21. Nd2 Bb6 22. Qh5 Rc8 23. Qd1 Qc7 24. Ra2 Qf7 25. Ne4 Rc6 26. a4 Rfc8 27. axb5 axb5 28. Ng3 Qd7 29. Re2 Bd8 30. Qd2 Be7 31. Qa5 b4 32. Rb2 R6c7 33. Ra2 Bf8 34. Nf1 Bc5 35. Qa4 Qe7 36. Qb5 Qd6 1-0

[Event "POL-ch disabled"]
[Site "Rowy"]
[Date "2009.09.02"]
[Round "3.8"]
[White "Strzelecki, Jerzy"]
[Black "Czech, Jan"]
[Result "1-0"]
[WhiteElo "2199"]
[BlackElo "1931"]
[PlyCount "65"]
[EventDate "2009.09.01"]
[EventType "swiss"]
[EventRounds "9"]
[EventCountry "POL"]
[SourceTitle "EXT 2023"]
[Source "ChessBase"]
[SourceDate "2022.10.05"]
[SourceVersion "1"]
[SourceVersionDate "2022.10.05"]
[SourceQuality "1"]

1. Nf3 Nf6 2. c4 d5 3. cxd5 Nxd5 4. e4 Nf6 5. e5 Nd5 6. d4 e6 7. Bd3 Be7 8. 0-0 0-0 9. Nbd2 Nc6 10. Ne4 f5 11. exf6 Nxf6 12. Nc3 Nb4 13. Bc4 Nbd5 14. Re1 c6 15. a4 Ne8 16. Bb3 Bf6 17. Ne5 g6 18. Ne4 Ng7 19. Bh6 Qc7 20. Nxf6+ Rxf6 21. Rc1 Nf5 22. Bg5 Rf8 23. h4 Kg7 24. h5 h6 25. Be3 Nfxe3 26. fxe3 g5 27. Qd3 Rf5 28. Rf1 Qe7 29. g4 Rxf1+ 30. Rxf1 Nf4 31. exf4 Qf6 32. fxg5 Qxg5 33. Rf7+ 1-0

[Event "Wisla op"]
[Site "Wisla"]
[Date "2009.05.12"]
[Round "11"]
[White "Czech, Jan"]
[Black "Jagiela, Piotr"]
[Result "0-1"]
[WhiteElo "1931"]
[BlackElo "1939"]
[PlyCount "68"]
[EventDate "2009.05.04"]
[EventType "swiss"]
[EventRounds "11"]
[EventCountry "POL"]
[SourceTitle "EXT 2012"]
[Source "ChessBase"]
[SourceDate "2011.11.24"]
[SourceVersion "1"]
[SourceVersionDate "2011.11.24"]
[SourceQuality "1"]

1. e4 e6 2. d4 d5 3. exd5 exd5 4. Nf3 Bd6 5. Nc3 c6 6. h3 Bf5 7. Bd3 Ne7 8. Be3 Nd7 9. Nh4 Bg6 10. Nxg6 hxg6 11. Qd2 Qc7 12. Ne2 Nf5 13. Bxf5 gxf5 14. Bf4 0-0-0 15. Bxd6 Qxd6 16. 0-0-0 Nb6 17. Qa5 Kb8 18. b3 Rde8 19. Rde1 g5 20. Kb2 f4 21. f3 Qc7 22. Nc1 Nc4+ 23. bxc4 Qxa5 24. Rxe8+ Rxe8 25. Nb3 Qb4 26. cxd5 cxd5 27. h4 gxh4 28. Rxh4 a5 29. a3 Qb5 30. Kc1 a4 31. Nc5 Re1+ 32. Kd2 Qe2+ 33. Kc3 Qc4+ 34. Kd2 Re2+ 0-1

[Event "Wisla op"]
[Site "Wisla"]
[Date "2009.05.10"]
[Round "9"]
[White "Spyra, Wojciech"]
[Black "Czech, Jan"]
[Result "1-0"]
[WhiteElo "2000"]
[BlackElo "1931"]
[PlyCount "83"]
[EventDate "2009.05.04"]
[EventType "swiss"]
[EventRounds "11"]
[EventCountry "POL"]
[SourceTitle "EXT 2012"]
[Source "ChessBase"]
[SourceDate "2011.11.24"]
[SourceVersion "1"]
[SourceVersionDate "2011.11.24"]
[SourceQuality "1"]

1. e4 c5 2. Nc3 Nc6 3. Nge2 g6 4. d4 cxd4 5. Nxd4 Bg7 6. Be3 e6 7. Ndb5 Nge7 8. Nd6+ Kf8 9. h4 Qa5 10. Qd2 a6 11. h5 b5 12. Bh6 b4 13. hxg6 hxg6 14. Bxg7+ Kxg7 15. Rxh8 Kxh8 16. Nd1 Kg7 17. Ne3 Qe5 18. 0-0-0 a5 19. Ng4 Qh5 20. Be2 Ba6 21. Bf3 Rh8 22. Nf6 Qh6 23. Nxd7 Qxd2+ 24. Rxd2 e5 25. Nc5 Bc8 26. Rd1 Nd4 27. Nb3 Nxf3 28. gxf3 Nc6 29. Nc4 a4 30. Nc5 f6 31. Nxa4 Nd4 32. c3 bxc3 33. Nxc3 Nxf3 34. b4 Bg4 35. Ne3 Be6 36. b5 Nd4 37. b6 Rb8 38. Ned5 Bc8 39. Kb2 Bb7 40. a4 Kf7 41. f4 Ke6 42. Ra1 1-0

[Event "Wisla op"]
[Site "Wisla"]
[Date "2009.05.08"]
[Round "7"]
[White "Oczkowski, Stanislaw"]
[Black "Czech, Jan"]
[Result "1-0"]
[WhiteElo "2054"]
[BlackElo "1931"]
[PlyCount "35"]
[EventDate "2009.05.04"]
[EventType "swiss"]
[EventRounds "11"]
[EventCountry "POL"]
[SourceTitle "EXT 2012"]
[Source "ChessBase"]
[SourceDate "2011.11.24"]
[SourceVersion "1"]
[SourceVersionDate "2011.11.24"]
[SourceQuality "1"]

1. e4 g6 2. d4 Bg7 3. Nc3 d6 4. f4 e6 5. Nf3 Ne7 6. Be3 b6 7. Qd2 Bb7 8. 0-0-0 d5 9. e5 Nd7 10. Bd3 a6 11. g4 c6 12. f5 Bf8 13. fxe6 fxe6 14. Ng5 Qc8 15. Qf2 Nf5 16. gxf5 exf5 17. Bxf5 Be7 18. Bxg6+ 1-0

[Event "Wisla op"]
[Site "Wisla"]
[Date "2009.05.05"]
[Round "2"]
[White "Czech, Jan"]
[Black "Trusewicz, Janusz"]
[Result "0-1"]
[WhiteElo "1931"]
[BlackElo "2138"]
[PlyCount "142"]
[EventDate "2009.05.04"]
[EventType "swiss"]
[EventRounds "11"]
[EventCountry "POL"]
[SourceTitle "EXT 2012"]
[Source "ChessBase"]
[SourceDate "2011.11.24"]
[SourceVersion "1"]
[SourceVersionDate "2011.11.24"]
[SourceQuality "1"]

1. e4 c6 2. Nf3 d5 3. exd5 cxd5 4. d4 Nc6 5. h3 Nf6 6. c3 g6 7. Bd3 Bg7 8. Be3 0-0 9. 0-0 a6 10. a4 Bf5 11. Bxf5 gxf5 12. Qc1 Ne4 13. Nh2 Na5 14. Qc2 Qd7 15. Bf4 e6 16. Re1 Rac8 17. Nf3 f6 18. Nbd2 Rfe8 19. Nxe4 fxe4 20. Nd2 Qc6 21. Qd1 Qd7 22. Qh5 Qf7 23. Qe2 Nc6 24. Nb3 e5 25. Be3 f5 26. dxe5 Nxe5 27. Bd4 Nd3 28. Rf1 Qg6 29. f4 Re7 30. Kh2 Bxd4 31. Nxd4 Rg7 32. g4 fxg4 33. hxg4 Qxg4 34. Qxg4 Rxg4 35. Kh3 Rxf4 36. Rxf4 Nxf4+ 37. Kg4 Nd3 38. Nf5 Rd8 39. b4 Kf7 40. Nd4 Ne5+ 41. Kf5 Nf3 42. Ne2 Ke7 43. Kf4 h5 44. Rh1 Rf8+ 45. Ke3 h4 46. Nf4 Rf5 47. c4 Kd6 48. Rd1 Ng5 49. Nxd5 Rf3+ 50. Ke2 Rd3 51. Ne3 Rxd1 52. Nxd1 a5 53. c5+ Kc6 54. bxa5 Kxc5 55. Nf2 Kd4 56. Nh1 Nh3 57. a6 bxa6 58. a5 e3 59. Kf3 Nf2 60. Nxf2 exf2 61. Kxf2 Kc5 62. Kf3 Kb5 63. Kg4 Kxa5 64. Kxh4 Kb4 65. Kg3 Kb3 66. Kf3 a5 67. Ke3 Kb2 68. Kd4 a4 69. Kc4 a3 70. Kb4 a2 71. Kc4 a1Q 0-1

[Event "Wisla op"]
[Site "Wisla"]
[Date "2009.05.05"]
[Round "3"]
[White "Kujawa, Jozef"]
[Black "Czech, Jan"]
[Result "0-1"]
[WhiteElo "1904"]
[BlackElo "1931"]
[PlyCount "108"]
[EventDate "2009.05.04"]
[EventType "swiss"]
[EventRounds "11"]
[EventCountry "POL"]
[SourceTitle "EXT 2012"]
[Source "ChessBase"]
[SourceDate "2011.11.24"]
[SourceVersion "1"]
[SourceVersionDate "2011.11.24"]
[SourceQuality "1"]

1. e4 e5 2. Nf3 Nc6 3. d4 exd4 4. Nxd4 Bc5 5. Be3 Qf6 6. c3 Nxd4 7. Bxd4 Bxd4 8. Qxd4 Qxd4 9. cxd4 d6 10. Nc3 c6 11. f4 Bd7 12. a4 a5 13. Bc4 Ne7 14. 0-0 0-0 15. f5 Nc8 16. g4 Nb6 17. Bb3 Kh8 18. Rae1 f6 19. Kg2 g6 20. Kf3 Kg7 21. h4 Be8 22. Kf4 Bf7 23. d5 c5 24. Nb5 Rad8 25. Nc7 Rd7 26. Ne6+ Bxe6 27. dxe6 Re7 28. Rd1 Rd8 29. g5 Rc7 30. Kg4 h5+ 31. Kh3 c4 32. Bc2 Rc5 33. Rd4 Re5 34. Rfd1 d5 35. Rg1 gxf5 36. exf5 Re3+ 37. Rg3 Re2 38. Rg2 Re3+ 39. Kh2 Nc8 40. gxf6+ Kxf6 41. Rg6+ Ke5 42. Rd2 d4 43. Rg7 d3 44. Bd1 Re8 45. Bxh5 Re7 46. Rf7 Re4 47. Kg3 Re8 48. Bg6 Re3+ 49. Kf2 Rh3 50. h5 Kf4 51. Kg2 Rg3+ 52. Kh2 Rf3 53. Rc7 Ke3 54. Rxd3+ cxd3 0-1

[Event "Polanica Zdroj op Seniors 44th"]
[Site "Polanica Zdroj"]
[Date "2008.08.27"]
[Round "9.2"]
[White "Lipski, Tadeusz"]
[Black "Czech, Jan"]
[Result "1-0"]
[WhiteElo "2140"]
[BlackElo "1921"]
[PlyCount "65"]
[EventDate "2008.08.19"]
[EventType "swiss"]
[EventRounds "9"]
[EventCountry "POL"]
[SourceTitle "EXT 2023"]
[Source "ChessBase"]
[SourceDate "2022.10.05"]
[SourceVersion "1"]
[SourceVersionDate "2022.10.05"]
[SourceQuality "1"]

1. e4 c5 2. Nf3 Nc6 3. Nc3 g6 4. d4 cxd4 5. Nxd4 Bg7 6. Be3 a6 7. Bc4 e6 8. Bb3 Nge7 9. Nde2 0-0 10. Qd2 Na5 11. Bh6 Nxb3 12. axb3 Nc6 13. h4 f6 14. Bxg7 Kxg7 15. f4 h6 16. 0-0-0 Qe7 17. g4 b5 18. Ng3 Rf7 19. g5 h5 20. f5 Bb7 21. fxg6 Kxg6 22. gxf6 Qxf6 23. Rdg1 Kh7 24. Nxh5 Qh6 25. Rg5 Raf8 26. Nd1 Rg8 27. Rhg1 Rxg5 28. Rxg5 Nd8 29. e5 Be4 30. Nf4 Rxf4 31. Qxf4 Bf5 32. Ne3 Bh3 33. Qf3 1-0